<?xml version="1.0" encoding="UTF-8"?><?xml-stylesheet type="text/xsl" href="static/style.xsl"?><OAI-PMH xmlns="http://www.openarchives.org/OAI/2.0/" xmlns:xsi="http://www.w3.org/2001/XMLSchema-instance" xsi:schemaLocation="http://www.openarchives.org/OAI/2.0/ http://www.openarchives.org/OAI/2.0/OAI-PMH.xsd"><responseDate>2026-04-17T05:29:08Z</responseDate><request verb="GetRecord" identifier="oai:www.recercat.cat:2117/367087" metadataPrefix="marc">https://recercat.cat/oai/request</request><GetRecord><record><header><identifier>oai:recercat.cat:2117/367087</identifier><datestamp>2026-01-30T08:39:39Z</datestamp><setSpec>com_2072_1033</setSpec><setSpec>col_2072_452950</setSpec></header><metadata><record xmlns="http://www.loc.gov/MARC21/slim" xmlns:dcterms="http://purl.org/dc/terms/" xmlns:xsi="http://www.w3.org/2001/XMLSchema-instance" xmlns:doc="http://www.lyncode.com/xoai" xsi:schemaLocation="http://www.loc.gov/MARC21/slim http://www.loc.gov/standards/marcxml/schema/MARC21slim.xsd">
   <leader>00925njm 22002777a 4500</leader>
   <datafield ind2=" " ind1=" " tag="042">
      <subfield code="a">dc</subfield>
   </datafield>
   <datafield ind2=" " ind1=" " tag="720">
      <subfield code="a">Zhao, Weiqiang</subfield>
      <subfield code="e">author</subfield>
   </datafield>
   <datafield ind2=" " ind1=" " tag="720">
      <subfield code="a">Presas Batlló, Alexandre</subfield>
      <subfield code="e">author</subfield>
   </datafield>
   <datafield ind2=" " ind1=" " tag="720">
      <subfield code="a">Egusquiza Montagut, Mònica</subfield>
      <subfield code="e">author</subfield>
   </datafield>
   <datafield ind2=" " ind1=" " tag="720">
      <subfield code="a">Valentín Ruiz, David</subfield>
      <subfield code="e">author</subfield>
   </datafield>
   <datafield ind2=" " ind1=" " tag="720">
      <subfield code="a">Egusquiza Estévez, Eduard</subfield>
      <subfield code="e">author</subfield>
   </datafield>
   <datafield ind2=" " ind1=" " tag="720">
      <subfield code="a">Valero Ferrando, Ma. del Carmen</subfield>
      <subfield code="e">author</subfield>
   </datafield>
   <datafield ind2=" " ind1=" " tag="260">
      <subfield code="c">2022-01-22</subfield>
   </datafield>
   <datafield ind2=" " ind1=" " tag="520">
      <subfield code="a">To cope with the intermittent power supply of the new renewable energies and demand fluctuations, Francis turbines are required to operate more and more in an extended operating range, far away from the design point. With this operating behavior, it is very complex to interpret the trend of vibration parameters typically used in Condition Monitoring and to define reasonable alarm and trip levels valid for all the operating range of the unit working in steady conditions. As in the efficiency curves of Francis turbines represented as a function of net head and load (Hill Chart), in this paper we propose to represent the most relevant vibration parameters in surfaces, called Vibrational Hill Charts, which allow a more accurate evaluation of the indicators and their trends and a better classification of abnormal values. To show the potential of Vibrational Hill Charts, a complete database obtained after 2 years of monitoring a large Francis Unit (444 MW rated power) has been used. The mapping of the relevant vibration parameters has been performed by means of Artificial Neural Networks. It is shown that by setting the action levels based on the resulting maps, rather than a constant value, a better diagnosis capacity is achieved as the Receiver Operating Characteristic will be improved. Furthermore, phenomena such as erosive cavitation, which is hard to be detected, could be also assessed with the use of multidimensional analysis based on the Vibrational Hill Chart. As a conclusion, with the Vibrational Hill Chart, the condition monitoring and diagnosis of hydraulic turbines could be improved.</subfield>
   </datafield>
   <datafield ind2=" " ind1=" " tag="520">
      <subfield code="a">Postprint (author's final draft)</subfield>
   </datafield>
   <datafield tag="653" ind2=" " ind1=" ">
      <subfield code="a">Àrees temàtiques de la UPC::Enginyeria mecànica::Mecànica de fluids</subfield>
   </datafield>
   <datafield tag="653" ind2=" " ind1=" ">
      <subfield code="a">Hydraulic turbines</subfield>
   </datafield>
   <datafield tag="653" ind2=" " ind1=" ">
      <subfield code="a">Vibration</subfield>
   </datafield>
   <datafield tag="653" ind2=" " ind1=" ">
      <subfield code="a">Condition monitoring</subfield>
   </datafield>
   <datafield tag="653" ind2=" " ind1=" ">
      <subfield code="a">Francis turbine</subfield>
   </datafield>
   <datafield tag="653" ind2=" " ind1=" ">
      <subfield code="a">Artificial neural network</subfield>
   </datafield>
   <datafield tag="653" ind2=" " ind1=" ">
      <subfield code="a">Data-driven</subfield>
   </datafield>
   <datafield tag="653" ind2=" " ind1=" ">
      <subfield code="a">Vibration mapping</subfield>
   </datafield>
   <datafield tag="653" ind2=" " ind1=" ">
      <subfield code="a">Turbines hidràuliques</subfield>
   </datafield>
   <datafield tag="653" ind2=" " ind1=" ">
      <subfield code="a">Vibració</subfield>
   </datafield>
   <datafield ind2="0" ind1="0" tag="245">
      <subfield code="a">On the use of vibrational hill charts for improved condition monitoring and diagnosis of hydraulic turbines</subfield>
   </datafield>
</record></metadata></record></GetRecord></OAI-PMH>